000 00787nam a2200229 i 4500
001 172576
003 ES-MaACL
005 20250808063200.0
008 090721s1995 fr |||| | fre d
020 _a2-210-74109-2
080 _a811.133.1
080 _a9(44)
245 0 0 _aCarnet du jour, carnet du soir
_b: histoire.
260 _a[Paris] :
_bMagnard Écoles,
_c1995.
300 _a128 p. ;
_c22 cm.
594 _aEn cub.: " Tous les événements de la préhistoire à nos jours"
650 4 _aLengua francesa-
_vLibros escolares.
_914224
650 4 _aLengua francesa-
_xLexicografía-
_vDiccionarios.
_914223
651 4 _aFrancia-
_xHistoria
_98679
852 4 _aES-MaACL
_jE-12798
_9R.139383
_z. - Biblioteca Jacinto Martínez Lacalle
999 _c172576
_d172576